Slovenské Národné povstanie v obecných kronikách [v obciach ]

Bibliographic Details
Format: Article
Language:Slovak
Subjects:

MARC

LEADER 00000naa a2200000 a 4500
001 vtls008844916
003 SK-MaSNL
005 20260426023539.0
008 180409 1974 xo | 000 0 slo
015 |a SNBRB1977 
040 |a SNKBUCL  |b slo  |c SNKBUCL  |e AACR2 
041 0 |a slo 
044 |a xo  |c SK 
080 |a 94(437.6)"1944":82-94  |2 2001 
080 |a 82-94  |2 2001 
245 0 0 |a Slovenské Národné povstanie v obecných kronikách  |b [v obciach ] 
650 0 7 |a Slovenské národné povstanie (1944)  |2 snkbucl  |9 177948 
650 0 7 |a obecné kroniky  |2 snkbucl  |9 31514 
651 7 |a Slovensko  |2 snkbucl  |9 14231 
773 0 |t Z minolosti a prítomnosti Turca 2  |g S.172-228  |d M artin :Osveta, 1974 
958 |a OS 
999 |c 1346021  |d 1347951